Canti popolari italiani vol.3 (Lp Lpup 5053) (Record no. 102583)

MARC details
000 -LEADER
fixed length control field 01675njm a2200361Ia 4500
001 - CONTROL NUMBER
control field 23822
003 - CONTROL NUMBER IDENTIFIER
control field IT-RoPAU
005 - DATE AND TIME OF LATEST TRANSACTION
control field 20220918181156.0
008 - FIXED-LENGTH DATA ELEMENTS--GENERAL INFORMATION
fixed length control field 131025s9999 xx 000 0 und d
040 ## - CATALOGING SOURCE
Original cataloging agency IT-RoPAU
040 ## - CATALOGING SOURCE
Transcribing agency IT-RoPAU
041 ## - LANGUAGE CODE
Language code of text/sound track or separate title ITALIANO
999 ## - SYSTEM CONTROL NUMBERS (KOHA)
Koha Dewey Subclass [OBSOLETE] n.d.
100 ## - MAIN ENTRY--PERSONAL NAME
Personal name AA.VV.
9 (RLIN) 794
100 ## - MAIN ENTRY--PERSONAL NAME
Relator term Autore musica
9 (RLIN) 6295
100 ## - MAIN ENTRY--PERSONAL NAME
Miscellaneous information Codice autore musica SPICS: 12000
9 (RLIN) 796
245 ## - TITLE STATEMENT
Title Canti popolari italiani vol.3 (Lp Lpup 5053)
250 ## - EDITION STATEMENT
Edition statement 1a ed.
260 ## - PUBLICATION, DISTRIBUTION, ETC. (IMPRINT)
Place of publication, distribution, etc. ITALIA
260 ## - PUBLICATION, DISTRIBUTION, ETC. (IMPRINT)
Name of publisher, distributor, etc. UP INTERNATIONAL
Date of publication, distribution, etc. 1975 [1a Ed.:1975]
300 ## - PHYSICAL DESCRIPTION
Extent DISCO
300 ## - PHYSICAL DESCRIPTION
Dimensions 35 minuti (Testo: pag.)
500 ## - GENERAL NOTE
General note Canti popolari italiani. Canzone italiana. Musica folk.
505 ## - FORMATTED CONTENTS NOTE
Formatted contents note Oh bella ciao - Vieni vieni Marcellino - Bevè bevè compare - I tre alpini e la figlia del re - E la Violetta - E dentro la filanda (Aveva gli occhi neri) - Era sera di un giorno di festa - Polenta e baccalà - La povera Giulia - Da Udin siam partiti - Fiorellin del prato - Romagna mia - Ti pi tin
511 ## - PARTICIPANT OR PERFORMER NOTE
Participant or performer note Gruppo folk "I Paesani"
650 ## - SUBJECT ADDED ENTRY--TOPICAL TERM
Topical term or geographic name as entry element FOLK [DISCHI]
Relator term Codice MATERIA SPICS: 9950
9 (RLIN) 1209
700 ## - ADDED ENTRY--PERSONAL NAME
Personal name Mascheroni Vittorio
Dates associated with a name Codice autore testo/musica SPICS: 13134
Relator term Autore testo/musica
Name of part/section of a work Fiorellin del prato
9 (RLIN) 6296
700 ## - ADDED ENTRY--PERSONAL NAME
Personal name Casadei Raoul
Dates associated with a name Codice autore musica SPICS: 7936
Relator term Autore musica
Name of part/section of a work Romagna mia
9 (RLIN) 6297
700 ## - ADDED ENTRY--PERSONAL NAME
Personal name Casadei Secondo
Dates associated with a name Codice autore testo/musica SPICS: 7935
Relator term Autore testo/musica
Name of part/section of a work Romagna mia
9 (RLIN) 6298
700 ## - ADDED ENTRY--PERSONAL NAME
Personal name Grever Maria
Dates associated with a name Codice autore musica SPICS: 13517
Relator term Autore musica
Name of part/section of a work Ti pi tin
9 (RLIN) 6299
700 ## - ADDED ENTRY--PERSONAL NAME
Personal name Galdieri Michele
Dates associated with a name Codice autore testo/musica SPICS: 13370
Relator term Autore testo/musica
Name of part/section of a work Ti pi tin
9 (RLIN) 6300
942 ## - ADDED ENTRY ELEMENTS (KOHA)
Koha item type DISCHI
Source of classification or shelving scheme Dewey Decimal Classification
Holdings
Withdrawn status Lost status Damaged status Not for loan Home library Current library Date acquired Total Checkouts Full call number Date last seen Price effective from Koha item type Public note
    Buone Condizioni Not For Loan SPICS-MEDIATECA SPICS-MEDIATECA 25/10/2013   23822 25/10/2013 25/10/2013 DISCHI Progr. Ins.: 4669 / N.Vol.: 1 / Copie: 1 - Copia rara: n.d. / date import: 01.01.2014 - By Epidotti, Trombetti, Vaglietti
CREDITS: SOCIETA' SAN PAOLO Via A.Severo, 58 - ROMA (RM) & PERIODICI SAN PAOLO SRL Via Giotto, 36 MILANO & CISF Via Giotto, 36 MILANO & EDIZIONI SAN PAOLO SRL,  Piazza Soncino, 5 CINISELLO BALSAMO (MI) -- ITALY